|
|
|
|
| LEADER |
01379nam a2200277 a 4500 |
| 001 |
16496 |
| 003 |
BD-DhAAL |
| 008 |
090628s2004 enka 000 0 eng d |
| 010 |
|
|
|a \\2004110959
|
| 020 |
|
|
|a 0500285330 (pbk.)
|
| 040 |
|
|
|a UKM
|c UKM
|d BWK
|d OCLCQ
|d NYP
|d OCoLC
|d DLC
|d BD-DhAAL
|
| 082 |
0 |
4 |
|a 720.7917671
|2 22
|
| 245 |
0 |
0 |
|a Architecture and polyphony :
|b building in the Islamic world today /
|c edited by Philippa Baker.
|
| 260 |
|
|
|a London :
|b Thames & Hudson,
|c 2004.
|
| 300 |
|
|
|a 175 pages :
|b color illustrations ;
|c 28 cm
|
| 500 |
|
|
|a "The Aga Khan Award for Architecture, the ninth award cycle"--Cover.
|
| 526 |
|
|
|a ARC
|x Huraera Jabeen, Faculty member of Department of Architecture
|
| 541 |
1 |
|
|e 16496
|a Zeenat Book Supply Limited
|
| 610 |
2 |
0 |
|a Aga Khan Award for Architecture (Organization)
|9 31733
|
| 650 |
|
0 |
|a Architecture
|z Islamic countries
|x History
|y 20th century.
|9 31734
|
| 700 |
1 |
|
|a Baker, Philippa.
|9 31735
|
| 710 |
2 |
|
|a Aga Khan Award for Architecture (Organization)
|9 31733
|
| 852 |
4 |
|
|a Ayesha Abed Library
|c General Stacks
|
| 942 |
|
|
|2 ddc
|c BK
|
| 999 |
|
|
|c 1728
|d 1728
|
| 952 |
|
|
|0 0
|1 4
|2 ddc
|4 0
|6 720_791767100000000_ARC
|7 0
|9 1583
|a BRACUL
|b BRACUL
|c GEN
|d 2009-06-28
|e Zeenat Book Supply Limited
|g 2373.00
|l 0
|o 720.7917671 ARC
|p 3010016496
|r 2009-06-28
|t 1
|w 2009-06-28
|y BK
|x Koha Inventory 2020 ; Requisitioned by Huraera Jabeen, Faculty member of Department of Architecture (ARC).
|